Data reduction and error analysis for the physical sciences / (Record no. 7932)

MARC details
000 -LEADER
fixed length control field 01403nac a22003491i 4500
003 - CONTROL NUMBER IDENTIFIER
control field EG-ScBUE
005 - DATE AND TIME OF LATEST TRANSACTION
control field 20240910092026.0
008 - FIXED-LENGTH DATA ELEMENTS--GENERAL INFORMATION
fixed length control field 240910t2003 maua f b 001 0 eng d
020 ## - INTERNATIONAL STANDARD BOOK NUMBER
International Standard Book Number 0072472278
020 ## - INTERNATIONAL STANDARD BOOK NUMBER
International Standard Book Number 9780072472271
040 ## - CATALOGING SOURCE
Original cataloging agency EG-ScBUE
Language of cataloging eng
Description conventions rda
Transcribing agency EG-ScBUE
Modifying agency EG-ScBUE
082 04 - DEWEY DECIMAL CLASSIFICATION NUMBER
Classification number 511.43
Item number BEV
Edition number 22
100 1# - MAIN ENTRY--PERSONAL NAME
Personal name Bevington, Philip R.,
Relator term author.
245 10 - TITLE STATEMENT
Title Data reduction and error analysis for the physical sciences /
Statement of responsibility, etc Philip R. Bevington, late associate professor of physics, Case Western Reserve University, D. Keith Robinson, emeritus professor of physics, Case Western Reserve University.
250 ## - EDITION STATEMENT
Edition statement Third edition.
264 #1 - PUBLICATION, DISTRIBUTION, ETC. (IMPRINT)
Place of publication, distribution, etc Boston :
Name of publisher, distributor, etc McGraw-Hill,
Date of publication, distribution, etc [2003]
264 #4 - PUBLICATION, DISTRIBUTION, ETC. (IMPRINT)
Date of publication, distribution, etc c2003
300 ## - PHYSICAL DESCRIPTION
Extent xi, 320 pages :
Other physical details illustrations ;
Dimensions 24 cm
336 ## - CONTENT TYPE
Source rdacontent
Content type term text
Content type code txt
337 ## - MEDIA TYPE
Media type term unmediated
Source rdamedia
Media type code n
338 ## - CARRIER TYPE
Carrier type term volume
Carrier type code nc
Source rdacarrier
504 ## - BIBLIOGRAPHY, ETC. NOTE
Bibliography, etc Includes bibliographical references and index.
650 #7 - SUBJECT ADDED ENTRY--TOPICAL TERM
Topical term or geographic name as entry element Multivariate analysis.
Source of heading or term BUEsh
650 #7 - SUBJECT ADDED ENTRY--TOPICAL TERM
Topical term or geographic name as entry element Error analysis (Mathematics)
Source of heading or term BUEsh
650 #7 - SUBJECT ADDED ENTRY--TOPICAL TERM
Topical term or geographic name as entry element Least squares.
Source of heading or term BUEsh
650 #7 - SUBJECT ADDED ENTRY--TOPICAL TERM
Topical term or geographic name as entry element Data reduction.
Source of heading or term BUEsh
655 ## - INDEX TERM--GENRE/FORM
Form subdivision Reading book
700 1# - ADDED ENTRY--PERSONAL NAME
Personal name Robinson, D. Keith,
Relator term author.
856 42 - ELECTRONIC LOCATION AND ACCESS
Materials specified Publisher description
Uniform Resource Identifier <a href="http://www.loc.gov/catdir/description/mh024/2002070896.html">http://www.loc.gov/catdir/description/mh024/2002070896.html</a>
856 42 - ELECTRONIC LOCATION AND ACCESS
Materials specified Table of contents
Uniform Resource Identifier <a href="http://www.loc.gov/catdir/toc/mh023/2002070896.html">http://www.loc.gov/catdir/toc/mh023/2002070896.html</a>
942 ## - ADDED ENTRY ELEMENTS (KOHA)
Koha item type NB - Book (Non borrowing)
Source of classification or shelving scheme Dewey Decimal Classification
Holdings
Withdrawn status Lost status Source of classification or shelving scheme Damaged status Not for loan Collection code Home library Current library Shelving location Date acquired Source of acquisition Total Checkouts Full call number Barcode Date last seen Price effective from Koha item type Date checked out
    Dewey Decimal Classification     Alahram Central Library Central Library First floor 08/02/2014 Purchase   511.43 BEV 000009564 15/07/2025 14/02/2008 NB - Book (Non borrowing)  
    Dewey Decimal Classification     Alahram Central Library Central Library First floor 08/02/2014 Purchase   511.43 BEV 000009566 15/07/2025 14/02/2008 Book - Borrowing  
    Dewey Decimal Classification     Alahram Central Library Central Library First floor 08/02/2014 Purchase   511.43 BEV 000009530 15/07/2025 14/02/2008 Book - Borrowing  
    Dewey Decimal Classification     Alahram Central Library Central Library First floor 08/02/2014 Purchase 1 511.43 BEV 000009567 15/07/2025 14/02/2008 Book - Borrowing 30/03/2019
    Dewey Decimal Classification     Alahram Central Library Central Library First floor 08/02/2014 Purchase   511.43 BEV 000009569 15/07/2025 14/02/2008 Book - Borrowing  
    Dewey Decimal Classification     Alahram Central Library Central Library First floor 08/02/2014 Purchase   511.43 BEV 000009570 15/07/2025 14/02/2008 Book - Borrowing  
    Dewey Decimal Classification     Alahram Central Library Central Library First floor 08/02/2014 Purchase 1 511.43 BEV 000009571 15/07/2025 14/02/2008 Book - Borrowing  
    Dewey Decimal Classification     Alahram Central Library Central Library First floor 08/02/2014 Purchase   511.43 BEV 000009568 15/07/2025 14/02/2008 Book - Borrowing  
    Dewey Decimal Classification     Alahram Central Library Central Library First floor 08/02/2014 Purchase   511.43 BEV 000009572 15/07/2025 14/02/2008 Book - Borrowing  
    Dewey Decimal Classification     Alahram Central Library Central Library First floor 08/02/2014 Purchase   511.43 BEV 000009498 15/07/2025   Book - Borrowing